000 01350cad a22002895a 4500
001 L159189
008 130206s2016 xxk f 000 0 eng d
020 _a9781783211036
035 _a(Sirsi) u159189
041 0 _aeng
050 0 4 _a711.52
110 2 _aRoyal Institution of Chartered Surveyors
_94900
245 _aPlacemaking and value
_h[electronic resource]
_c[archived]
260 _aLondon
_bRICS
_c2016
300 _a56 p.
490 0 _aRICS Information Paper
520 _aEffective from 1 February 2016 to 2018. Aims to understand the relationship between the various design features and delivery mechanisms of a large residential scheme, and the end-sales achieved. It distils which physical attributes, as well as which delivery approaches, can create a positive sense of place in a new residential development and how this can trigger higher values.
520 _aThis document is no longer current but can be referred to as information.
590 _aKA
650 2 4 _aPLANNING
650 2 4 _aDESIGN PRACTICES
651 4 _aUnited Kingdom
690 _aResidential property
_96266
690 _aPlanning and development
_96259
856 4 0 _uhttps://www.isurv.com/downloads/file/6752/archive_placemaking_and_value_1st_edition_february_2016%E2%80%93june_2018
_zArchived on isurv (subscription required)
942 _n0
_2ddc
999 _c115729
_d115729